Cuentas Nacionales de Honduras 1970-1980
Zapisane w:
| Korporacja: | |
|---|---|
| Format: | Texto |
| Wydane: |
Tegucigalpa:
Banco Central de Honduras
|
| Etykiety: |
Dodaj etykietę
Nie ma etykietki, Dołącz pierwszą etykiete!
|
MARC
| LEADER | 00000 a a2200000 04500 | ||
|---|---|---|---|
| 001 | 23159 | ||
| 003 | |||
| 040 | |||
| 090 | |a 159900 | ||
| 110 | |a Banco Central de Honduras | ||
| 245 | |a Cuentas Nacionales de Honduras 1970-1980 | ||
| 260 | |a Tegucigalpa: |b Banco Central de Honduras | ||
| 300 | |a 69 p. |b **no definido** | ||
| 999 | |c 7411 |d 7411 | ||
